000 00648nam a2200121Ia 4500
008 171212s9999 xx 000 0 und d
020 _a9780874216325
245 _ceditor Ericsson, Patricia Freitag;Haswell, Richard
_aMachine Scoring of Student Essays
_bTruth and Consequences
260 _bUniversity Press of Colorado
_c2006
650 _aEducation
650 _aEnglish language -- Rhetoric -- Study and teaching -- Evaluation; Report writing -- Study and teaching (Higher) -- Evaluation; Grading and marking (Students) -- Data processing; Educational tests and measurements -- Data processing
856 _uwww.jstor.org/stable/10.2307/j.ctt4cgq0p
999 _c353106
_d353106